Detalles MARC
| 000 -LIDER |
| fixed length control field |
01011nam a2200289 a 4500 |
| 001 - NÚMERO DE CONTROL |
| Identificador de número de control |
|
| 003 - IDENTIFICACDOR DE NÚMERO DE CONTROL |
| control field |
DO-SdBNP |
| 005 - DATE AND TIME OF LATEST TRANSACTION |
| control field |
20220131121324.0 |
| 008 - ELEMENTOS DE LONGITUD FIJA |
| fixed length control field |
100319s2009 dr 000 e spa d |
| 020 ## - ISBN |
| International Standard Book Number |
9789945161458 |
| 040 ## - FUENTE DE CATALOGACIÓN |
| Agencia que crea de manera original el registro |
DO-SdBNP |
| Idioma de catalogación |
spa |
| Agencia que realiza la transcripción |
BPMSU |
| 082 ## - NÚMERO DE CLASIFICACIÓN DECIMAL DE DEWEY |
| Classification number |
RD864.44 |
| Item number |
D249c 2009 |
| Edition number |
22 |
| 100 1# - ASIENTO PRINCIPAL -- NOMBRE PERSONAL |
| Nombre personal |
David, León, |
| Fechas asociadas con el nombre |
1945- |
| 245 10 - MENCIÓN DE TITULO |
| Título |
Al correr de la pluma : |
| Subtítulo |
ensayos de literatura y arte / |
| Mención de responsabilidad |
León David ; carta-prólogo José Bobadilla. |
| 260 ## - PUBLICACIÓN, DISTRIBUCIÓN, ETC. (PIE DE IMPRENTA) |
| Lugar de publicación, distribución, etc |
Santo Domingo : |
| Nombre del editor, distribuidor, etc. |
Nacional, |
| -- |
Secretaria de Estado de Cultura, |
| Fecha de publicación, distribución, etc |
2009. |
| 300 ## - DESCRIPCIÓN FÍSICA |
| Extensión |
294 p. ; |
| Dimensiones |
23 cm. |
| 490 0# - MENCIÓN DE SERIES |
| Mención de serie |
Pensamiento dominicano |
| 500 ## - NOTA GENERAL |
| Nota general |
Incluye datos biográficos del autor en la solapa de la cubierta. |
| 590 ## - NOTA LOCAL |
| Enlace |
Inventariado, 2022/VM |
| 650 #4 - ENCABEZAMIENTO DE MATERIA--TEMÁTICO |
| Término temático o nombre geográfico como elemento de entrada |
Ensayos dominicanos |
| 650 #4 - ENCABEZAMIENTO DE MATERIA--TEMÁTICO |
| Término temático o nombre geográfico como elemento de entrada |
Literatura dominicana |
| Subdivisión temática general |
Crítica e interpretación |
| 650 #4 - ENCABEZAMIENTO DE MATERIA--TEMÁTICO |
| Término temático o nombre geográfico como elemento de entrada |
Arte dominicano |
| 700 1# - ASIENTO SECUNDARIO -- NOMBRE PERSONAL |
| Nombre personal |
Bobadilla, José, |
| Mención de responsabilidad |
pról. |
| 710 12 - ASIENTO SECUNDARIO -- NOMBRE CORPORATIVO |
| Nombre corporativo o de jurisdicción |
República Dominicana. |
| Unidad subordinada |
Secretaria de Estado de Cultura. |
| 910 ## - VALIDACIÓN |
| Validación |
VMateo |
| 942 ## - ADDED ENTRY ELEMENTS (KOHA) |
| Source of classification or shelving scheme |
Dewey Decimal Classification |
| Koha item type |
Libros |